00871nam a2200241 a 450000100060000000300080000600500170001400800410003103500190007204000510009104100080014208200300015010000400018024500910022026000560031130000350036749000440040250000200044665100230046665100470048970000490053683000440058534300BD-RjUL20211209052134.0170103r19571954enkak 001 0 eng d a(BD-RjUL)34394 aDLCcODaWUdOCoLCdNGvPdUkdInUdBD-RjULbeng aeng04a307.7209436bOES 19572231 aOeser, O. A.q(Oscar Adolf),d1904-10aSocial structure and personality in a rural community /cby O.A. Oeser and F.E. Emery. aLondon :bRoutledge & Paul,c1954 [Impression 1957] axiii, 279 p. :bill. ;c23 cm.1 aHis Studies of social behaviour ;vv. 2 aIncludes index. 0aMallee Town (Vic.) 0aAustraliaxRural conditionsvCase studies.1 aEmery, F. E.q(Frederick Edmund),ejoint ed. aHis Studies of social behaviour ;vv. 2